Bistümer Deutschlands auf einer Karte - Statistiken

Allgemein
  • Dieses Quiz wurde 844 mal gespielt
  • Das Durchschnittsergebnis liegt bei 21 aus 27
Antworten auf der Karte
Die Antworten werden auf der Karte rot bzw. grün angezeigt, abhängig davon wie oft sie richtig erraten wurden.
 
Antwortstatistiken
Kirchenprovinz Bistum % Korrekt
München und Freising München und Freising
97%
Köln Köln
96%
Berlin Berlin
94%
Berlin Dresden-Meißen
93%
Hamburg Hamburg
91%
Freiburg Rottenburg-Stuttgart
91%
Köln Aachen
86%
Freiburg Freiburg
86%
Paderborn Magdeburg
86%
Freiburg Mainz
86%
Paderborn Erfurt
84%
Köln Münster
83%
Köln Trier
83%
München und Freising Augsburg
82%
München und Freising Passau
79%
München und Freising Regensburg
79%
Bamberg Würzburg
77%
Hamburg Osnabrück
72%
Bamberg Bamberg
68%
Köln Essen
66%
Paderborn Paderborn
65%
Paderborn Fulda
61%
Köln Limburg
60%
Bamberg Speyer
57%
Hamburg Hildesheim
55%
Berlin Görlitz
54%
Bamberg Eichstätt
41%
Keine übereinstimmenden Quizze gefunden
Verteilung der Resultate
Anzahl Personen mit jedem Resultat
Perzentil nach korrekt beantworteten Fragen
Ihre Resultats-Entwicklung
Sie haben dieses Quiz noch nicht gespielt